000 01435nam a2200349 c 4500
999 _c116615
_d116615
003 BLK
005 20220610172412.0
008 180409b bul|||||r ||||||| ||bul||
010 _aKNG00122174000
040 _aBLK
041 _aBUL
_cBUL
080 _aЛитература на отделни езици и езикови семейства
_b821
_x-2.09
_z821-2.09
080 _aТеория и естетика на театъра и сцената, режисура
_b792.01
_z792.01
100 1 _aНатев, Атанас Василев
_eпърви автор
_9374034
139 _aНатев, Атанас Василев
_bН 30
245 1 0 _aДраматично и драматургично
_bСб. статии и докл.
_cАтанас Василев Натев.
257 _aBGR
260 _aСофия
_bНаука и изкуство
_c1967
_fСофия : ДП Т. Димитров
300 _a244 с.
_c20 см
380 _a82
500 _aАвт. не е даден на кор. - 6 000 тир.
650 4 _aДрама
_9153705
650 4 _aДраматургия - теория и естетика
_9314801
653 _aдрама
653 _aдраматургия
653 _aлитературна критика
852 _aЦб 42434
856 4 _qpdf
856 4 _qpdf
942 _cKNG
_n0
_s1
944 _aCR
_c19.03.2011
_lф / 18.03.2011
_kЛюдмила_Стоянова
944 _aED
_c17.09.2012
_lф / 18.03.2011
944 _aED
_c2022-06-10
_kХристина Везирева
999 _d116615
999 _d116615